[Event "26. Torneo Collado Villalba"]
[Site "Collado Villalba ESP"]
[Date "2009.08.23"]
[Round "3.21"]
[White "Pastor Alonso De Prado, Emilio Alberto"]
[Black "Collado Barbas, Alberto"]
[Result "1-0"]
[WhiteElo "2174"]
[BlackElo "1986"]
[PlyCount "91"]
[EventDate "2009.08.21"]
[EventType "swiss"]
[EventRounds "9"]
[EventCountry "ESP"]
[Source "lmi"]
[SourceDate "2009.08.21"]

1. e4 c6 2. d4 d5 3. e5 c5 4. dxc5 e6 5. Be3 Nh6 6. Nf3 Nf5 7. Bd4 Nxd4 8. Qxd4
Qc7 9. b4 a5 10. a3 axb4 11. axb4 Rxa1 12. Qxa1 Be7 13. Nc3 Bd7 14. Nb5 Bxb5
15. Bxb5+ Nd7 16. Qa4 f6 17. Ke2 fxe5 18. Bxd7+ Qxd7 19. Qxd7+ Kxd7 20. Nxe5+
Kc7 21. Kd3 Rf8 22. f3 Ra8 23. Re1 Ra3+ 24. c3 Bf6 25. f4 Ra2 26. Re2 Ra3 27.
g3 Kc8 28. g4 h6 29. f5 exf5 30. gxf5 Ra1 31. Ng4 Bg5 32. Ne3 Bxe3 33. Rxe3
Rd1+ 34. Ke2 Rc1 35. Rg3 Rc2+ 36. Kd3 Rf2 37. Rxg7 Rxf5 38. Kd4 Rh5 39. b5 Rxh2
40. Kxd5 Rd2+ 41. Kc4 Rf2 42. Rh7 Rf4+ 43. Kd5 Rf5+ 44. Kd6 Rf6+ 45. Ke7 Rf4
46. Rxh6 1-0

[Event "26. Torneo Collado Villalba"]
[Site "Collado Villalba ESP"]
[Date "2009.08.23"]
[Round "3.22"]
[White "Garcia Salamero, Gabriel"]
[Black "Martinez De Miguel, Pedro"]
[Result "1-0"]
[WhiteElo "2034"]
[BlackElo "2163"]
[PlyCount "61"]
[EventDate "2009.08.21"]
[EventType "swiss"]
[EventRounds "9"]
[EventCountry "ESP"]
[Source "lmi"]
[SourceDate "2009.08.21"]

1. e4 c5 2. Nf3 d6 3. d4 cxd4 4. Nxd4 Nf6 5. Nc3 a6 6. h3 Qc7 7. g4 e5 8. Nde2
h6 9. Bg2 b5 10. O-O b4 11. Nd5 Nxd5 12. exd5 Be7 13. a3 bxa3 14. Rxa3 O-O 15.
Ng3 a5 16. Be3 Ba6 17. Re1 Rc8 18. Nf5 Bf8 19. Be4 Nd7 20. g5 hxg5 21. Bxg5 Nc5
22. Rc3 Qb7 23. Rxc5 Rxc5 24. Qg4 Rc4 25. Be7 Rxe4 26. Rxe4 g6 27. Bf6 Qxd5 28.
Kh2 Qd2 29. Qh4 Bh6 30. Nxh6+ Kf8 31. Ng4 1-0

[Event "26. Torneo Collado Villalba"]
[Site "Collado Villalba ESP"]
[Date "2009.08.23"]
[Round "3.23"]
[White "Gordillo, Manuel"]
[Black "Vazquez Torres, Adrian"]
[Result "0-1"]
[WhiteElo "1988"]
[BlackElo "2149"]
[PlyCount "66"]
[EventDate "2009.08.21"]
[EventType "swiss"]
[EventRounds "9"]
[EventCountry "ESP"]
[Source "lmi"]
[SourceDate "2009.08.21"]

1. d4 d5 2. Bg5 h6 3. Bh4 c6 4. e3 Qb6 5. b3 Bf5 6. Bd3 Bxd3 7. Qxd3 e6 8. Nd2
Be7 9. Bxe7 Nxe7 10. Ngf3 Nd7 11. c4 O-O 12. O-O Rfe8 13. e4 Rad8 14. c5 Qc7
15. e5 b6 16. b4 Rb8 17. h4 bxc5 18. bxc5 Qa5 19. g4 Rb2 20. Nb3 Qa4 21. Nfd2
Ng6 22. f4 Nxh4 23. Qc3 Qa3 24. Kh1 Rb8 25. Rfc1 Rxa2 26. Rxa2 Qxa2 27. Na5 Rb2
28. Rd1 Rc2 29. Qb4 Nf8 30. Nab3 Rc4 31. Qa5 Qc2 32. Re1 Qd3 33. Kh2 Rc3 0-1

[Event "26. Torneo Collado Villalba"]
[Site "Collado Villalba ESP"]
[Date "2009.08.23"]
[Round "3.25"]
[White "Fernandez Garcia, Ignacio"]
[Black "Nieto De La Cruz, Julio"]
[Result "0-1"]
[WhiteElo "1958"]
[BlackElo "2132"]
[PlyCount "158"]
[EventDate "2009.08.21"]
[EventType "swiss"]
[EventRounds "9"]
[EventCountry "ESP"]
[Source "lmi"]
[SourceDate "2009.08.21"]

1. e4 c5 2. f4 d5 3. e5 Nc6 4. c4 dxc4 5. Bxc4 Bf5 6. Nf3 e6 7. a3 Nge7 8. Nc3
a6 9. Be2 Nd5 10. d3 Be7 11. O-O O-O 12. Ne4 Rc8 13. h3 f6 14. g4 Bg6 15. exf6
Nxf6 16. Neg5 Qd7 17. Nh4 Be8 18. f5 exf5 19. Nxf5 Bd8 20. Bf3 h6 21. Qb3+ Kh8
22. Ne6 Rg8 23. Nxc5 Qf7 24. Qxf7 Bxf7 25. Nd6 Rc7 26. Ncxb7 Bg6 27. Nxd8 Rxd8
28. Ne4 Nd5 29. Nc5 Nd4 30. b4 Rxc5 31. bxc5 Bxd3 32. Rd1 Nxf3+ 33. Kf2 Nc3 34.
Bb2 Nxd1+ 35. Rxd1 Ng5 36. Ke3 Rb8 37. Bxg7+ Kxg7 38. Rxd3 Rc8 39. Rc3 Ne6 40.
Ke4 Rxc5 41. Rb3 Ra5 42. Rc3 Kf6 43. h4 Ra4+ 44. Kf3 Nd4+ 45. Ke3 Ne6 46. Kf3
Nd4+ 47. Kg2 Nb5 48. Rc6+ Kg7 49. Kg3 Rxa3+ 50. Kf4 Ra4+ 51. Kg3 Ra1 52. Rb6
Ra3+ 53. Kf4 Ra4+ 54. Kg3 Nc7 55. Rc6 Nd5 56. Rc5 Ra3+ 57. Kf2 Nf6 58. Rc7+ Kg6
59. h5+ Kg5 60. Rg7+ Kf4 61. Rf7 Kg5 62. Rg7+ Kf4 63. Rf7 Ra2+ 64. Kf1 Kg5 65.
Rg7+ Kh4 66. g5 hxg5 67. h6 Kg4 68. Kg1 Rb2 69. Rg6 Kf5 70. Rg8 Rb7 71. Ra8 Rb6
72. Rg8 a5 73. Rg7 Ra6 74. h7 Nxh7 75. Rxh7 a4 76. Kf2 a3 77. Rh1 a2 78. Ra1
Ke4 79. Ke2 g4 0-1

[Event "26. Torneo Collado Villalba"]
[Site "Collado Villalba ESP"]
[Date "2009.08.23"]
[Round "3.26"]
[White "Luna Hermoso, Angel"]
[Black "Lopez Heras, Arturo"]
[Result "1-0"]
[WhiteElo "2115"]
[BlackElo "1931"]
[PlyCount "131"]
[EventDate "2009.08.21"]
[EventType "swiss"]
[EventRounds "9"]
[EventCountry "ESP"]
[Source "lmi"]
[SourceDate "2009.08.21"]

1. e4 e5 2. Nf3 Nc6 3. d4 exd4 4. c3 d3 5. Bxd3 Bc5 6. O-O d6 7. Bg5 Nge7 8. b4
Bb6 9. a4 a6 10. h3 Be6 11. Nbd2 O-O 12. Nc4 Ba7 13. b5 Ne5 14. Ncxe5 dxe5 15.
bxa6 bxa6 16. Qe2 f6 17. Bh4 Qd6 18. Rfd1 Ng6 19. Bg3 Qc6 20. Nh4 Nf4 21. Bxf4
exf4 22. Nf5 Rfe8 23. Nd4 Bxd4 24. cxd4 Bb3 25. Rdb1 Bf7 26. d5 Qd6 27. Qc2 Qe5
28. Ra3 f3 29. gxf3 Qf4 30. Bf1 Re5 31. Qc1 Rg5+ 32. Bg2 Qe5 33. Qe3 Qd6 34.
Rc3 Be8 35. f4 Rh5 36. Rb7 Rc8 37. Qc1 c5 38. dxc6 Rxc6 39. Rxc6 Qxc6 40. Qxc6
Bxc6 41. Rb6 Bxa4 42. Rxa6 Bd7 43. f5 Bb5 44. Rb6 Bd3 45. Kh2 Kf7 46. Rb7+ Kf8
47. f4 g6 48. Bf3 Rh6 49. Rb3 Bf1 50. Bg4 Ke7 51. Rb7+ Kf8 52. Rd7 Ke8 53. Rd1
Bb5 54. Kg3 Bd7 55. h4 Bc6 56. Rd6 gxf5 57. Bxf5 Bb5 58. e5 Ke7 59. Rb6 Be8 60.
Rb7+ Kf8 61. e6 Bg6 62. Bh3 Be4 63. Rf7+ Kg8 64. f5 Rh5 65. Rxf6 Kg7 66. e7 1-0

[Event "26. Torneo Collado Villalba"]
[Site "Collado Villalba ESP"]
[Date "2009.08.23"]
[Round "3.27"]
[White "Barahona Torrijos, Angel"]
[Black "Rodrigo Yanguas, Maria"]
[Result "1/2-1/2"]
[WhiteElo "1944"]
[BlackElo "2112"]
[PlyCount "93"]
[EventDate "2009.08.21"]
[EventType "swiss"]
[EventRounds "9"]
[EventCountry "ESP"]
[Source "lmi"]
[SourceDate "2009.08.21"]

1. e4 e6 2. d4 d5 3. Nc3 Nf6 4. e5 Nfd7 5. Nce2 c5 6. c3 Nc6 7. f4 g6 8. Nf3 a6
9. a3 b5 10. b4 cxd4 11. Nfxd4 Bb7 12. Be3 Nb6 13. Nxc6 Bxc6 14. Nd4 Rc8 15. a4
Nc4 16. Bxc4 bxc4 17. Nxc6 Rxc6 18. b5 Rc8 19. b6 Bc5 20. Bxc5 Rxc5 21. Rb1 O-O
22. O-O Qe7 23. Qd4 Rb8 24. Rb4 Rb7 25. g4 Ra5 26. f5 exf5 27. gxf5 Qd7 28. e6
fxe6 29. fxg6 Qg7 30. Qxg7+ Kxg7 31. gxh7 Rc5 32. Rf8 Kxh7 33. Ra8 a5 34. Ra7
axb4 35. Rxb7+ Kg6 36. cxb4 c3 37. Rc7 Rc4 38. Rxc4 dxc4 39. b7 c2 40. b8=Q
c1=Q+ 41. Kg2 Qd2+ 42. Kf3 c3 43. Qg8+ Kf6 44. Qh8+ Ke7 45. Qg7+ Kd6 46. Qf8+
Kd7 47. Qf7+ 1/2-1/2

[Event "26. Torneo Collado Villalba"]
[Site "Collado Villalba ESP"]
[Date "2009.08.23"]
[Round "3.30"]
[White "Zanoletty Garcia, David"]
[Black "Prieto Velasco, Rafael"]
[Result "1-0"]
[WhiteElo "2014"]
[BlackElo "1727"]
[PlyCount "51"]
[EventDate "2009.08.21"]
[EventType "swiss"]
[EventRounds "9"]
[EventCountry "ESP"]
[Source "lmi"]
[SourceDate "2009.08.21"]

1. d4 f5 2. c4 Nf6 3. Nc3 d6 4. g3 g6 5. Bg2 Bg7 6. Nh3 Nc6 7. d5 Ne5 8. Nf4
Nxc4 9. Qa4+ Kf7 10. Qxc4 Bd7 11. Ne6 Bxe6 12. dxe6+ Kf8 13. Bxb7 Rb8 14. Bg2
c5 15. a3 Qb6 16. O-O Nh5 17. Nd5 Qb5 18. Qxb5 Rxb5 19. Rb1 Rb3 20. Bg5 Nf6 21.
Nxf6 Bxf6 22. Bxf6 exf6 23. Bd5 Rb6 24. b4 cxb4 25. Rxb4 Ke7 26. Rfb1 1-0

[Event "26. Torneo Collado Villalba"]
[Site "Collado Villalba ESP"]
[Date "2009.08.23"]
[Round "3.32"]
[White "Serrano Nunez, Dario"]
[Black "Jimenez Gonzalez, Marcos"]
[Result "1/2-1/2"]
[WhiteElo "1997"]
[BlackElo "1897"]
[PlyCount "111"]
[EventDate "2009.08.21"]
[EventType "swiss"]
[EventRounds "9"]
[EventCountry "ESP"]
[Source "lmi"]
[SourceDate "2009.08.21"]

1. e4 c6 2. d4 d5 3. Nd2 dxe4 4. Nxe4 Bf5 5. Ng3 Bg6 6. N1e2 Nd7 7. Nf4 e5 8.
Nxg6 hxg6 9. dxe5 Qa5+ 10. Bd2 Qxe5+ 11. Qe2 Ngf6 12. Qxe5+ Nxe5 13. Bc3 Ned7
14. O-O-O Bc5 15. f3 O-O 16. Bd4 Rad8 17. Be2 Bxd4 18. Rxd4 Nc5 19. Rhd1 Ne6
20. Rxd8 Rxd8 21. Rxd8+ Nxd8 22. Bc4 b6 23. Ne2 Nb7 24. Nd4 Nd8 25. Kd2 Nd7 26.
f4 Kf8 27. g4 Ke7 28. Ke3 c5 29. Nf3 Nb7 30. Bb5 Nf6 31. Ne5 Nd8 32. Bc4 Ne8
33. c3 Nd6 34. Bd3 Ne8 35. h3 Nf6 36. Bc4 Nd7 37. Ke4 Nf6+ 38. Ke3 Nd7 39. Nxd7
Kxd7 40. Ke4 Kd6 41. h4 f6 42. Bd5 b5 43. Bg8 Nc6 44. Bf7 Ne7 45. b3 a5 46. a3
f5+ 47. Kf3 Nd5 48. Bxg6 fxg4+ 49. Kxg4 Nxc3 50. Bd3 b4 51. axb4 cxb4 52. Kg5
Ke7 53. Kg6 Kf8 54. Bc4 a4 55. bxa4 Nxa4 56. f5 1/2-1/2

[Event "26. Torneo Collado Villalba"]
[Site "Collado Villalba ESP"]
[Date "2009.08.23"]
[Round "3.33"]
[White "Rodriguez Gomez, Vicente"]
[Black "Martin-Consuegra Barrilero, Javier"]
[Result "1-0"]
[WhiteElo "1990"]
[BlackElo "1891"]
[PlyCount "125"]
[EventDate "2009.08.21"]
[EventType "swiss"]
[EventRounds "9"]
[EventCountry "ESP"]
[Source "lmi"]
[SourceDate "2009.08.21"]

1. e4 d6 2. d4 Nf6 3. Bd3 Nbd7 4. f4 e5 5. c3 c6 6. Nf3 Qc7 7. O-O Be7 8. h3
O-O 9. Be3 b6 10. Nbd2 Re8 11. fxe5 dxe5 12. dxe5 Nxe5 13. Nxe5 Qxe5 14. Nf3
Qg3 15. Bf2 Qf4 16. Qe1 Bd6 17. Be3 Qg3 18. Bg5 Nh5 19. Bh4 Qg6 20. Qd2 Nf4 21.
Bc4 Bc5+ 22. Kh1 Ne6 23. Bd3 Qh5 24. g4 Qh6 25. Qxh6 gxh6 26. Ne5 Ng5 27. Bxg5
Rxe5 28. Bxh6 b5 29. Rf3 Bf8 30. Bf4 Re7 31. Raf1 Be6 32. Kh2 Rd7 33. Bb1 a5
34. Kg3 a4 35. a3 Bc4 36. Re1 Rad8 37. Bc2 Bd3 38. Bxd3 Rxd3 39. Kf2 c5 40. Ke2
Rxf3 41. Kxf3 Rd3+ 42. Re3 Rd2 43. Re2 Rd3+ 44. Be3 Bh6 45. e5 Bxe3 46. Rxe3
Rd2 47. Re2 Rd3+ 48. Kg2 b4 49. cxb4 cxb4 50. axb4 Rb3 51. h4 Rxb4 52. Kf3 Kg7
53. Re4 Rb3+ 54. Kf4 Rxb2 55. Rxa4 Rb6 56. Kf5 h6 57. h5 Rc6 58. Re4 Re6 59.
Rd4 Ra6 60. g5 hxg5 61. Kxg5 f6+ 62. exf6+ Rxf6 63. h6+ 1-0

[Event "26. Torneo Collado Villalba"]
[Site "Collado Villalba ESP"]
[Date "2009.08.23"]
[Round "3.34"]
[White "Algaba Traspuesto, Jose Antonio"]
[Black "Alvarez Garcia, Fernando"]
[Result "1/2-1/2"]
[WhiteElo "1746"]
[BlackElo "1988"]
[PlyCount "33"]
[EventDate "2009.08.21"]
[EventType "swiss"]
[EventRounds "9"]
[EventCountry "ESP"]
[Source "lmi"]
[SourceDate "2009.08.21"]

1. e4 e6 2. d3 c5 3. Nd2 Nc6 4. Ngf3 b6 5. g3 Bb7 6. Bg2 Qc7 7. O-O d5 8. Re1
Nge7 9. b3 O-O-O 10. Bb2 Ng6 11. a3 Kb8 12. exd5 exd5 13. d4 f6 14. Rc1 Qf7 15.
Qe2 Bc8 16. c4 dxc4 17. Qxc4 1/2-1/2

[Event "26. Torneo Collado Villalba"]
[Site "Collado Villalba ESP"]
[Date "2009.08.23"]
[Round "3.35"]
[White "Gal, Eugen"]
[Black "Medrano Del Val, Julio"]
[Result "0-1"]
[WhiteElo "1981"]
[BlackElo "1810"]
[PlyCount "70"]
[EventDate "2009.08.21"]
[EventType "swiss"]
[EventRounds "9"]
[EventCountry "ESP"]
[Source "lmi"]
[SourceDate "2009.08.21"]

1. e4 c5 2. Nf3 Nc6 3. d4 cxd4 4. Nxd4 Nf6 5. Nc3 g6 6. Be3 d6 7. Be2 Bg7 8. g4
a6 9. h4 Qa5 10. Nb3 Qd8 11. Rg1 Nd7 12. Qd2 b5 13. Bh6 O-O 14. Bxg7 Kxg7 15.
Nd5 Bb7 16. f4 e6 17. Qc3+ e5 18. O-O-O Rc8 19. Qh3 Ne7 20. Nxe7 Qxe7 21. Qd3
exf4 22. Qxd6 Qxd6 23. Rxd6 Bxe4 24. Rxd7 Rxc2+ 25. Kd1 Rxb2 26. Nd2 Rxa2 27.
Nxe4 Ra1+ 28. Kd2 Rxg1 29. Ng5 Re8 30. Nxf7 Kf6 31. Nd8 Rg2 32. g5+ Kf5 33.
Rf7+ Ke4 34. Nb7 Re5 35. Kd1 Ke3 0-1

[Event "26. Torneo Collado Villalba"]
[Site "Collado Villalba ESP"]
[Date "2009.08.23"]
[Round "3.36"]
[White "Franco Rincon, David"]
[Black "Olives Barba, Carlos Jose"]
[Result "1/2-1/2"]
[WhiteElo "1787"]
[BlackElo "1978"]
[PlyCount "75"]
[EventDate "2009.08.21"]
[EventType "swiss"]
[EventRounds "9"]
[EventCountry "ESP"]
[Source "lmi"]
[SourceDate "2009.08.21"]

1. e4 e6 2. d4 c5 3. c3 Qc7 4. Be3 d6 5. Nf3 g6 6. Nbd2 Bg7 7. Be2 b6 8. O-O
Ne7 9. Nb3 Bb7 10. Nbd2 Nd7 11. Rc1 O-O 12. b3 Nf6 13. e5 dxe5 14. Nxe5 Nfd5
15. Ndf3 Nxe3 16. fxe3 Bh6 17. Ng4 Bg7 18. Qe1 h5 19. Nge5 Bh6 20. Bd3 Nf5 21.
Bxf5 exf5 22. Rc2 Be4 23. Rb2 Kh7 24. Nd2 Bb7 25. Qg3 Rae8 26. Re1 Qd8 27. Ndf3
g5 28. h3 f6 29. Nc4 Re6 30. dxc5 bxc5 31. Rd2 Qe7 32. Red1 Bc6 33. Nd6 h4 34.
Qf2 Kg6 35. Nxf5 Qc7 36. Nxh6 Kxh6 37. Nh2 f5 38. Rd3 1/2-1/2

[Event "26. Torneo Collado Villalba"]
[Site "Collado Villalba ESP"]
[Date "2009.08.23"]
[Round "3.38"]
[White "Baeza Escudero, Javier"]
[Black "Garcia-Sanchez Navarro, Mariano"]
[Result "1-0"]
[WhiteElo "1946"]
[BlackElo "1600"]
[PlyCount "116"]
[EventDate "2009.08.21"]
[EventType "swiss"]
[EventRounds "9"]
[EventCountry "ESP"]
[Source "lmi"]
[SourceDate "2009.08.21"]

1. e4 e5 2. Nf3 Nc6 3. d4 exd4 4. Nxd4 Ne5 5. f4 Ng6 6. Nc3 Bb4 7. Bc4 N8e7 8.
Bxf7+ Kxf7 9. f5 Bxc3+ 10. bxc3 Re8 11. fxg6+ Nxg6 12. O-O+ Kg8 13. Nf3 Rxe4
14. Qd5+ Re6 15. Ng5 c6 16. Nxe6 Qb6+ 17. Qd4 dxe6 18. Be3 Qxd4 19. cxd4 e5 20.
dxe5 Nxe5 21. Bd4 Ng6 22. h4 Bg4 23. Rae1 b6 24. Re4 h5 25. g3 c5 26. Bb2 Rd8
27. Rfe1 Kh7 28. Re8 Rd7 29. R8e3 Bd1 30. Rd3 Rxd3 31. cxd3 Bg4 32. Re8 Bf5 33.
d4 cxd4 34. Bxd4 Bd7 35. Ra8 b5 36. Rxa7 Nf8 37. Kf2 Kg8 38. Bc3 g6 39. Bb4 Be8
40. Re7 Bf7 41. Ra7 Be8 42. Ke3 Nd7 43. Kd4 Kf7 44. Rb7 Kf6 45. Rxb5 Nf8 46.
Rb6+ Ne6+ 47. Kd5 Bf7 48. Bc3+ Kf5 49. Kd6 Kg4 50. Be5 g5 51. Rb4+ Kf5 52. a4
gxh4 53. gxh4 Nf8 54. Rf4+ Kg6 55. Rf6+ Kg7 56. Ke7 Ng6+ 57. Kd6 Kg8 58. a5 Nf8
1-0

[Event "26. Torneo Collado Villalba"]
[Site "Collado Villalba ESP"]
[Date "2009.08.23"]
[Round "3.39"]
[White "Velasco Garcia, Jorge Juan"]
[Black "Perez Ortego, Alberto"]
[Result "1-0"]
[WhiteElo "1913"]
[BlackElo "1596"]
[PlyCount "83"]
[EventDate "2009.08.21"]
[EventType "swiss"]
[EventRounds "9"]
[EventCountry "ESP"]
[Source "lmi"]
[SourceDate "2009.08.21"]

1. d4 Nf6 2. c4 e6 3. g3 g6 4. Bg2 Bg7 5. Nf3 O-O 6. Nc3 c6 7. O-O d5 8. Ne5
Nfd7 9. Nxd7 Nxd7 10. cxd5 exd5 11. Be3 Nb6 12. Qc1 Re8 13. Bg5 f6 14. Bh6 Bf5
15. Bxg7 Kxg7 16. b4 Nc4 17. b5 g5 18. Re1 Nd6 19. bxc6 bxc6 20. Na4 Qc7 21.
Bxd5 Be4 22. Bxe4 Rxe4 23. Nc5 Re7 24. Rb1 Rb8 25. Rxb8 Qxb8 26. e4 h6 27. e5
fxe5 28. dxe5 Nb5 29. Qb2 Kg6 30. a4 Qd8 31. axb5 cxb5 32. Qc2+ Kg7 33. e6 Qd5
34. Qc3+ Kg6 35. Qe5 a5 36. Nd7 Qf3 37. Qc5 Rxe6 38. Rxe6+ Kh5 39. Nf6+ Kg6 40.
Ng4+ Kh5 41. Rxh6+ Kxg4 42. h3# 1-0

[Event "26. Torneo Collado Villalba"]
[Site "Collado Villalba ESP"]
[Date "2009.08.23"]
[Round "3.40"]
[White "Gonzalo Gonzalez, Francisco"]
[Black "Nieto Rubio, Jose"]
[Result "1/2-1/2"]
[WhiteElo "1853"]
[BlackElo "1930"]
[PlyCount "140"]
[EventDate "2009.08.21"]
[EventType "swiss"]
[EventRounds "9"]
[EventCountry "ESP"]
[Source "lmi"]
[SourceDate "2009.08.21"]

1. e4 e5 2. Nf3 Nf6 3. Nxe5 d6 4. Nf3 Nxe4 5. Bc4 d5 6. Bb3 Be7 7. d3 Nf6 8.
Bg5 O-O 9. Nc3 c6 10. Qd2 Nbd7 11. a3 Nc5 12. Ba2 Bd6 13. O-O-O Ne6 14. h4 h6
15. Be3 b5 16. Nd4 Nxd4 17. Bxd4 a5 18. Ne2 b4 19. a4 Bb7 20. f3 c5 21. Bf2 d4
22. Ng1 Nd5 23. g3 Qd7 24. Bb3 Rae8 25. Bxd5 Bxd5 26. b3 Qc6 27. Kb1 Bxf3 28.
Nxf3 Qxf3 29. Rde1 Re5 30. Rxe5 Bxe5 31. Re1 Re8 32. Re2 h5 33. Qe1 f6 34. Re4
Kf7 35. Qg1 f5 36. Re1 Re7 37. Rf1 Bf6 38. Be1 Qd5 39. Qf2 g6 40. Qf4 Be5 41.
Qh6 Bg7 42. Qg5 Re3 43. Bd2 Re2 44. Rd1 Qg2 45. Kc1 Bf6 46. Qf4 Be5 47. Qh6
Qxg3 48. Qh7+ Bg7 49. Bh6 Qe5 50. Kb2 Qf6 51. Bg5 Qd6 52. Bh6 Qf8 53. Rf1 Re6
54. Rxf5+ gxf5 55. Qxf5+ Rf6 56. Qxh5+ Kg8 57. Bg5 Rf5 58. Qg4 Rf1 59. h5 Qf5
60. Qg2 Kh7 61. Bd8 Qf4 62. Qg6+ Kg8 63. Bg5 Qf5 64. Qe8+ Kh7 65. Qe7 Rg1 66.
Bc1 Qxh5 67. Qe4+ Rg6 68. Qa8 Qd1 69. Qe4 Qg4 70. Qh1+ Bh6 1/2-1/2

[Event "26. Torneo Collado Villalba"]
[Site "Collado Villalba ESP"]
[Date "2009.08.23"]
[Round "3.41"]
[White "Guisado Gomez, Francisco"]
[Black "Hernandez Yanez, Javier"]
[Result "0-1"]
[WhiteElo "1799"]
[BlackElo "1922"]
[PlyCount "120"]
[EventDate "2009.08.21"]
[EventType "swiss"]
[EventRounds "9"]
[EventCountry "ESP"]
[Source "lmi"]
[SourceDate "2009.08.21"]

1. d4 d5 2. c4 c6 3. Nc3 Nf6 4. Bg5 e6 5. e3 Bb4 6. Qc2 Nbd7 7. cxd5 exd5 8.
Bd3 O-O 9. Nge2 h6 10. Bh4 Re8 11. O-O-O Nf8 12. h3 Be6 13. g4 c5 14. Rdg1 cxd4
15. exd4 Rc8 16. f3 Bxc3 17. Nxc3 Qa5 18. Bxf6 Rxc3 19. bxc3 Rc8 20. Kd2 gxf6
21. h4 b5 22. Rb1 a6 23. g5 fxg5 24. hxg5 hxg5 25. Rh5 f6 26. Qb3 Qc7 27. Re1
Qf4+ 28. Re3 Bf7 29. Rh1 Re8 30. Rhe1 Nd7 31. a4 bxa4 32. Qxa4 Nb6 33. Qc6 Nc4+
34. Bxc4 dxc4 35. Qxa6 Rb8 36. Qa2 Kg7 37. Rb1 Rh8 38. Rbe1 Bd5 39. Qa7+ Kg6
40. Qe7 Bxf3 41. Rf1 g4 42. Rfxf3 gxf3 43. Qe4+ Qxe4 44. Rxe4 Rh2+ 45. Ke3 Kg5
46. d5 Rc2 47. Kxf3 Rxc3+ 48. Re3 Rxe3+ 49. Kxe3 f5 50. d6 Kf6 51. d7 Ke7 52.
Kd4 Kxd7 53. Kxc4 Ke7 54. Kd4 Kf6 55. Kd3 Kg5 56. Ke3 Kg4 57. Ke2 Kg3 58. Kf1
Kf3 59. Ke1 Kg2 60. Ke2 f4 0-1

[Event "26. Torneo Collado Villalba"]
[Site "Collado Villalba ESP"]
[Date "2009.08.23"]
[Round "3.43"]
[White "Tevar Sanz, Gonzalo"]
[Black "Benitez Cadenas, Luis Miguel"]
[Result "0-1"]
[WhiteElo "1882"]
[BlackElo "1754"]
[PlyCount "114"]
[EventDate "2009.08.21"]
[EventType "swiss"]
[EventRounds "9"]
[EventCountry "ESP"]
[Source "lmi"]
[SourceDate "2009.08.21"]

1. d4 d5 2. Nf3 Nf6 3. Bf4 c5 4. e3 Qb6 5. Qc1 Nc6 6. c3 Bf5 7. Nbd2 e6 8. Be2
Be7 9. O-O O-O 10. Re1 Nh5 11. Bg5 f6 12. Bh4 g5 13. dxc5 Qxc5 14. Nd4 Ng7 15.
Bg3 e5 16. N4b3 Qb6 17. Bf3 Be6 18. c4 Rac8 19. Bxd5 Bxd5 20. cxd5 Nb4 21. Qb1
Nc2 22. f3 Nxe1 23. Qxe1 Rc2 24. Bf2 Qa6 25. Rb1 Bb4 26. Qd1 Qd3 27. Ne4 Qxd1+
28. Rxd1 Kf7 29. a3 Rxb2 30. axb4 Rxb3 31. b5 Rd8 32. Nc5 Rxb5 33. e4 b6 34.
Na6 Ne8 35. Rc1 Rd7 36. g4 Rb3 37. Kg2 Rb2 38. Kg3 b5 39. Nb8 Rb7 40. Na6 b4
41. Bc5 b3 42. d6 Rc2 43. Rb1 Ke6 44. Ba3 Rb5 45. Nb4 Nxd6 46. Nxc2 bxc2 47.
Rc1 Ra5 48. Bxd6 Kxd6 49. Rxc2 Rc5 50. Rb2 Kc7 51. h4 h6 52. hxg5 hxg5 53. Rh2
a5 54. Rh7+ Kb6 55. Kf2 a4 56. Rh6 Rc6 57. Ke3 Kc5 0-1

[Event "26. Torneo Collado Villalba"]
[Site "Collado Villalba ESP"]
[Date "2009.08.24"]
[Round "4.2"]
[White "Gallardo Garcia, Andres"]
[Black "Rojas Keim, Luis"]
[Result "1/2-1/2"]
[WhiteElo "2414"]
[BlackElo "2453"]
[PlyCount "76"]
[EventDate "2009.08.21"]
[EventType "swiss"]
[EventRounds "9"]
[EventCountry "ESP"]
[Source "lmi"]
[SourceDate "2009.08.21"]

1. e4 e6 2. d4 d5 3. Nc3 Nf6 4. e5 Nfd7 5. f4 c5 6. Nf3 Nc6 7. Be3 cxd4 8. Nxd4
Bc5 9. Qd2 O-O 10. O-O-O a6 11. h4 Nxd4 12. Bxd4 b5 13. Rh3 b4 14. Na4 Bxd4 15.
Qxd4 f6 16. Qxb4 fxe5 17. Qd6 Qf6 18. f5 Qh6+ 19. Kb1 Nf6 20. Nc5 exf5 21. Ne6
Bxe6 22. Qxe6+ Kh8 23. Qxe5 Ne4 24. Qd4 Rad8 25. Be2 f4 26. Ra3 Ng3 27. Bxa6
Nf5 28. Qf2 Ra8 29. Bb5 Rxa3 30. bxa3 Ne3 31. Rd3 Rc8 32. g3 Nxc2 33. Qxf4 Qb6
34. Rb3 Nd4 35. Be8 Qc5 36. Rc3 Qb6+ 37. Rb3 Qc5 38. Rc3 Qb6+ 1/2-1/2

[Event "26. Torneo Collado Villalba"]
[Site "Collado Villalba ESP"]
[Date "2009.08.24"]
[Round "4.3"]
[White "Elissalt Cardenas, Hector"]
[Black "San Segundo Carrillo, Pablo"]
[Result "0-1"]
[WhiteElo "2317"]
[BlackElo "2570"]
[PlyCount "108"]
[EventDate "2009.08.21"]
[EventType "swiss"]
[EventRounds "9"]
[EventCountry "ESP"]
[Source "lmi"]
[SourceDate "2009.08.21"]

1. d4 d5 2. Nf3 Nf6 3. c4 c6 4. e3 Bg4 5. Nc3 e6 6. h3 Bxf3 7. Qxf3 Nbd7 8. Bd3
Bd6 9. O-O O-O 10. Bd2 Re8 11. Rad1 Qe7 12. cxd5 exd5 13. a3 Rad8 14. Rde1 Ne4
15. Bxe4 dxe4 16. Qe2 Bc7 17. f3 Nf6 18. b4 Qd6 19. f4 a6 20. Rc1 Nd5 21. Nxd5
Qxd5 22. Qc4 Qh5 23. Rf2 Rd5 24. Qe2 Qh4 25. Qg4 Qd8 26. Be1 f5 27. Qh5 Bd6 28.
Rfc2 Be7 29. Rb1 Qd7 30. a4 Rc8 31. Qe2 h6 32. Kh1 Kh7 33. Qh5 Qe6 34. Bg3 Bd6
35. Bf2 Rg8 36. Qe2 g5 37. fxg5 Rxg5 38. b5 axb5 39. axb5 cxb5 40. Bh4 Rg7 41.
Rxb5 Qf7 42. Rcb2 Rxb5 43. Rxb5 f4 44. exf4 Qxf4 45. g3 Qc1+ 46. Kg2 Qc6 47.
Rf5 e3+ 48. Rf3 Qe4 49. g4 Bf4 50. Bg3 Rc7 51. Bxf4 Rc2 52. Qxc2 Qxc2+ 53. Kg3
e2 54. Re3 Qd1 0-1

[Event "26. Torneo Collado Villalba"]
[Site "Collado Villalba ESP"]
[Date "2009.08.24"]
[Round "4.4"]
[White "Vazquez Igarza, Renier"]
[Black "Sanchez Gonzalez, Sergio"]
[Result "1-0"]
[WhiteElo "2570"]
[BlackElo "2305"]
[PlyCount "62"]
[EventDate "2009.08.21"]
[EventType "swiss"]
[EventRounds "9"]
[EventCountry "ESP"]
[Source "lmi"]
[SourceDate "2009.08.21"]

1. e4 c5 2. Nf3 d6 3. d4 Nf6 4. Nc3 cxd4 5. Nxd4 e6 6. g4 h6 7. h4 Nc6 8. Rg1
h5 9. gxh5 Nxh5 10. Bg5 Nf6 11. Be2 a6 12. h5 Qb6 13. Nb3 Nd7 14. Qd2 Qc7 15.
Rg3 b5 16. a3 Bb7 17. O-O-O Rc8 18. Kb1 b4 19. axb4 Nxb4 20. h6 gxh6 21. Bh4 e5
22. f4 h5 23. fxe5 dxe5 24. Bc4 Nb6 25. Bxf7+ Kxf7 26. Qg5 Bxe4 27. Qf6+ Ke8
28. Qe6+ Be7 29. Rg7 N6d5 30. Qf7+ Kd7 31. Qxe7+ Kc6 1-0